000 01181nam a22003257a 4500
003 CHAP
005 20220329135149.0
008 971013s1973 r 00010 d
010 _a31943
011 _a32915
035 _a37030
040 _cCHAP
090 _aTesis
100 0 0 _aMartínez Martínez, Francisco Javier.
_972259
245 _aEstudio de varios caracteres en las generaciones M1 y M2, en semilla de girasol (Helianthus annuus L.) irradiada con 8 dosis de rayos gamma Co60
260 _aMonterrey, N.L. :
_bEl autor,
_c1973
300 _a57 h.
_b; gráfs
502 _aTesis (Ing. Agrónomo Fitotecnista) -- ITESM. Div. de Ciencias Agropecuarias y Marítimas
590 _aALEPH
_b10
_c20130110
_lUCH01
_h1254
590 _aBATCH-UPD
_b10
_c20130110
_lUCH01
_h2135
590 _aBATCH-UPD
_b10
_c20130410
_lUCH01
_h1444
590 _aBATCH-UPD
_b10
_c20130914
_lUCH01
_h1543
590 _aCONVERSION
_b10
_c20130109
_lUCH01
_h1318
650 1 4 _aGirasol
_xGenética.
_948149
650 1 4 _aRadiación
_xEfecto en semillas.
_993675
650 1 4 _aRayos gama
_xEfectos fisiológicos.
_994855
901 _aBK
942 _cTESIS
949 _bBC
_cTES
_d-85001
_eTS1
_i37030
_si
999 _c31943
_d31943